000 00658nam a2200181 i 4500
001 48929
003 ES-MaACL
005 20230906161840.0
008 030702s1983 sp f |||| | spa d
100 1 _aCores Trasmonte, Baldomero.
_940583
245 1 0 _aRamón Suárez Picallo
_b: socialismo, galleguismo y acción de masas en Galicia /
_cBaldomero Cores Trasmonte, Ramón Suárez Picallo.
260 _aSada, A Coruña :
_bdo Castro,
_c1983.
300 _a267 p., 4 h. de lám. ;
_c21 cm.
600 1 4 _aSuárez Picallo, Ramón.
_9108649
650 4 _aSocialismo-
_zGalicia.
_9170902
650 4 _aNacionalismo-
_zGalicia.
_915455
852 _aES-MaACL
_jL-5149
999 _c48929
_d48929